Reforma laboral 2010: una primera evaluación y propuestas de mejora (Registro nro. 44918)
[ vista simple ]
| 000 -CABECERA | |
|---|---|
| Longitud fija campo de control | 01213naa a2200313 4500 |
| 001 - NÚMERO DE CONTROL | |
| Número de control | 44918 |
| 003 - IDENTIFICADOR DE NÚMERO DE CONTROL | |
| Identificador del número de control | ES-MaCES |
| 005 - FECHA Y HORA DE LA ÚLTIMA TRANSACCIÓN | |
| Fecha y hora de la última transacción | 20251002133526.0 |
| 008 - CAMPO FIJO DE DESCRIPCIÓN FIJA--INFORMACIÓN GENERAL | |
| Códigos de información de longitud fija | 000000s2011 sp ||||| t||||||| ||spa d |
| 040 ## - FUENTE DE CATALOGACIÓN | |
| Centro catalogador de origen | ES-MaCES |
| Lengua de catalogación | spa |
| Centro transcriptor | ES-MaCES |
| 100 1# - ENCABEZAMIENTO PRINCIPAL--NOMBRE PERSONAL | |
| Nombre de persona | Conde Ruiz, José Ignacio |
| 9 (RLIN) | 9891 |
| 245 10 - MENCIÓN DE TÍTULO | |
| Título | Reforma laboral 2010: una primera evaluación y propuestas de mejora |
| Mención de responsabilidad, etc. | J. Ignacio Conde-Ruiz, Florentino Felgueroso, J. Ignacio García-Pérez |
| 500 ## - NOTA GENERAL | |
| Nota general | Resumen |
| 504 ## - NOTA DE BIBLIOGRAFÍA, ETC. | |
| Nota de bibliografía, etc. | Bibliografía: p. 179-180 |
| 650 #4 - ASIENTO SECUNDARIO DE MATERIA--TÉRMINO DE MATERIA | |
| 9 (RLIN) | 29892 |
| Término de materia o nombre geográfico como elemento inicial | reforma legislativa |
| 650 #4 - ASIENTO SECUNDARIO DE MATERIA--TÉRMINO DE MATERIA | |
| 9 (RLIN) | 27166 |
| Término de materia o nombre geográfico como elemento inicial | legislación del trabajo |
| 650 #4 - ASIENTO SECUNDARIO DE MATERIA--TÉRMINO DE MATERIA | |
| 9 (RLIN) | 29000 |
| Término de materia o nombre geográfico como elemento inicial | empleo temporal |
| 650 #4 - ASIENTO SECUNDARIO DE MATERIA--TÉRMINO DE MATERIA | |
| 9 (RLIN) | 27043 |
| Término de materia o nombre geográfico como elemento inicial | prestaciones por desempleo |
| 650 #4 - ASIENTO SECUNDARIO DE MATERIA--TÉRMINO DE MATERIA | |
| 9 (RLIN) | 29505 |
| Término de materia o nombre geográfico como elemento inicial | contrato |
| 650 #4 - ASIENTO SECUNDARIO DE MATERIA--TÉRMINO DE MATERIA | |
| 9 (RLIN) | 30732 |
| Término de materia o nombre geográfico como elemento inicial | evaluación del impacto |
| 650 #4 - ASIENTO SECUNDARIO DE MATERIA--TÉRMINO DE MATERIA | |
| 9 (RLIN) | 26964 |
| Término de materia o nombre geográfico como elemento inicial | España |
| 650 #4 - ASIENTO SECUNDARIO DE MATERIA--TÉRMINO DE MATERIA | |
| 9 (RLIN) | 31233 |
| Término de materia o nombre geográfico como elemento inicial | 2010 |
| 653 10 - TÉRMINO DE INDEXACIÓN--NO CONTROLADO | |
| Término no controlado | Empleo |
| 700 1# - ENCABEZAMIENTO SECUNDARIO--NOMBRE PERSONAL | |
| 9 (RLIN) | 11690 |
| Nombre de persona | Felgueroso Fernández, Florentino |
| 700 1# - ENCABEZAMIENTO SECUNDARIO--NOMBRE PERSONAL | |
| 9 (RLIN) | 13028 |
| Nombre de persona | García Pérez, José Ignacio |
| 773 0# - ENTRADA DE DOCUMENTO FUENTE | |
| Itemnumber del ítem fuente | 47350 |
| Lugar, editor y fecha de publicación | Zaragoza [Universidad], D.E.E. y E.P. 1993- |
| Otro identificador del documento | 080670 |
| Título | Revista de economía aplicada |
| Número de control del registro relacionado | (ES-MaCES)25282 |
| Parte(s) relacionada(s) | vol. 19, n. 57 (invierno 2011) {10269 R. 080670} ;p. 147-180 |
| 902 ## - CES. TIPO DE DOCUMENTO | |
| Tipodoc (006$c Sirtex) | ART Artículo de revista |
| 942 ## - ELEMENTOS KOHA | |
| Fuente de clasificaión o esquema | Clasificación propia del CES |
| Koha [por defecto] tipo de item | Artículos (1982-2017) |
| Parte de clasificación | Empleo |
No hay ítems disponibles.
